Early writings on India : (Record no. 135343)

MARC details
000 -LEADER
fixed length control field 00783nam a22002297a 4500
005 - DATE AND TIME OF LATEST TRANSACTION
control field 20170124110243.0
010 ## - LIBRARY OF CONGRESS CONTROL NUMBER
LC control number 754474
020 ## - INTERNATIONAL STANDARD BOOK NUMBER
Terms of availability 00.00
035 ## - SYSTEM CONTROL NUMBER
System control number 754474
037 ## - SOURCE OF ACQUISITION
Source of stock number/acquisition Cen Lib/Ret
040 ## - CATALOGING SOURCE
Original cataloging agency DPL
Language of cataloging EN
082 ## - DEWEY DECIMAL CLASSIFICATION NUMBER
Classification number 016.954
Item number EAR
245 ## - TITLE STATEMENT
Title Early writings on India :
Remainder of title edited by H.K. Kaul
Statement of responsibility, etc a union catalogue of books on India in english langugae published upto 1900 and available in Delhi libraries /
260 ## - PUBLICATION, DISTRIBUTION, ETC. (IMPRINT)
Place of publication, distribution, etc New Delhi
Name of publisher, distributor, etc Anold -Heinemann Publishers
Date of publication, distribution, etc 1975
270 ## - ADDRESS
City New Delhi
Address AB/9, Safdarjang Enclave
Postal code 110016
300 ## - PHYSICAL DESCRIPTION
Extent 324p.
Dimensions 26cm(Hb)
500 ## - GENERAL NOTE
General note includes index
650 ## - SUBJECT ADDED ENTRY--TOPICAL TERM
Topical term or geographic name as entry element India -- Bibliography -- Union lists
9 (RLIN) 96336
650 ## - SUBJECT ADDED ENTRY--TOPICAL TERM
Topical term or geographic name as entry element Literatur
9 (RLIN) 96337
700 ## - ADDED ENTRY--PERSONAL NAME
Personal name Kaul, H.K.
9 (RLIN) 96338
942 ## - ADDED ENTRY ELEMENTS (KOHA)
Source of classification or shelving scheme Dewey Decimal Classification
Koha item type English Books
Classification part 016.954
Call number suffix EAR
Holdings
Withdrawn status Lost status Damaged status Not for loan Collection code Home library Current library Date acquired Source of acquisition Cost, normal purchase price Total Checkouts Full call number Barcode Date last seen Copy number Cost, replacement price Price effective from Koha item type
      Not For Loan Reference Central Library Central Library 05/10/2015 Cen Lib/Ref 0.00   016.954 EAR 754474 05/10/2015 1 0.00 05/10/2015 English Books

© Delhi Public Library
Hit Counter
free hit counter